Sports Quiz

Random Sports or NBA Quiz

NBA Lottery Picks by Team Quiz Stats

Quiz not verified by Sporcle

Also try: NCAA Helmets
Challenge
Share
Tweet
Embed
Score 0/271 Timer 20:00
0 Plays Today
Team Player % Correct
Golden State WarriorsStephen Curry
93.1%
Chicago BullsEddy Curry
93.1%
Cleveland CavaliersLeBron James
91.9%
Golden State WarriorsKlay Thompson
88.4%
Cleveland CavaliersTristan Thompson
88.4%
Sacramento KingsJason Thompson
88.4%
Golden State WarriorsVince Carter
87.9%
Golden State WarriorsJoe Smith
86.1%
Cleveland CavaliersAndrew Wiggins
86.1%
Los Angeles ClippersBlake Griffin
85.5%
Minnesota TimberwolvesDerrick Williams
85.5%
Sacramento KingsJason Williams
85.5%
Chicago BullsJay Williams
85.5%
Atlanta HawksMarvin Williams
85.5%
Atlanta HawksShelden Williams
85.5%
Brooklyn/New Jersey NetsEddie Griffin
85.5%
Brooklyn/New Jersey NetsTerrence Williams
85.5%
Utah JazzDeron Williams
85.5%
San Antonio SpursTim Duncan
85%
Seattle SuperSonics/Oklahoma City ThunderKevin Durant
84.4%
Washington Wizards/BulletsJohn Wall
83.8%
Cleveland CavaliersKyrie Irving
83.2%
Toronto RaptorsEd Davis
83.2%
Charlotte/New Orleans Hornets/PelicansBaron Davis
83.2%
Charlotte/New Orleans Hornets/PelicansAnthony Davis
83.2%
Cleveland CavaliersAnthony Bennett
82.7%
Miami HeatDwyane Wade
82.7%
Minnesota TimberwolvesKevin Garnett
82.1%
Seattle SuperSonics/Oklahoma City ThunderRussell Westbrook
82.1%
Denver NuggetsCarmelo Anthony
82.1%
Boston CelticsJeff Green
81.5%
Chicago BullsDerrick Rose
81.5%
Orlando MagicDwight Howard
80.9%
Milwaukee BucksDirk Nowitzki
80.3%
Minnesota TimberwolvesWesley Johnson
80.3%
Boston CelticsJoe Johnson
80.3%
Atlanta HawksDerMarr Johnson
80.3%
Charlotte Bobcats/HornetsKemba Walker
79.8%
Philadelphia 76ersAllen Iverson
79.8%
Boston CelticsAntoine Walker
79.8%
Atlanta HawksPau Gasol
79.8%
Dallas MavericksSamaki Walker
79.8%
Minnesota TimberwolvesRay Allen
79.2%
Charlotte/New Orleans Hornets/PelicansChris Paul
79.2%
Toronto RaptorsChris Bosh
78.6%
Milwaukee BucksJabari Parker
78.6%
Chicago BullsElton Brand
78.6%
Indiana PacersPaul George
78.6%
Chicago BullsLaMarcus Aldridge
78%
Seattle SuperSonics/Oklahoma City ThunderJames Harden
76.9%
Los Angeles ClippersEric Gordon
76.3%
Milwaukee BucksAndrew Bogut
76.3%
Orlando MagicAaron Gordon
76.3%
Chicago BullsBen Gordon
76.3%
Washington Wizards/BulletsBradley Beal
76.3%
Cleveland CavaliersAndre Miller
75.1%
Cleveland CavaliersLuke Jackson
75.1%
Orlando MagicMike Miller
75.1%
Portland Trail BlazersTyrus Thomas
75.1%
Brooklyn/New Jersey NetsTim Thomas
75.1%
Dallas MavericksEtan Thomas
75.1%
Miami HeatKurt Thomas
75.1%
Charlotte/New Orleans Hornets/PelicansKobe Bryant
74.6%
Washington Wizards/BulletsRasheed Wallace
74%
Toronto RaptorsAntawn Jamison
72.8%
Memphis/Vancouver GrizzliesKevin Love
72.8%
Sacramento KingsDeMarcus Cousins
72.8%
Boston CelticsKedrick Brown
72.8%
Washington Wizards/BulletsKwame Brown
72.8%
Boston CelticsPaul Pierce
70.5%
Portland Trail BlazersDamian Lillard
70.5%
Houston RocketsYao Ming
70.5%
Toronto RaptorsDeMar DeRozan
69.9%
Memphis/Vancouver GrizzliesSteve Francis
69.9%
Charlotte Bobcats/HornetsEmeka Okafor
69.9%
Chicago BullsJoakim Noah
69.9%
Brooklyn/New Jersey NetsKenyon Martin
69.9%
Phoenix SunsAmar'e Stoudemire
69.9%
Los Angeles ClippersTyson Chandler
69.4%
Boston CelticsChauncey Billups
69.4%
Houston RocketsRichard Jefferson
69.4%
Miami HeatMichael Beasley
69.4%
Toronto RaptorsTracy McGrady
68.8%
Toronto RaptorsAndrea Bargnani
68.8%
Portland Trail BlazersGreg Oden
68.8%
Atlanta HawksAl Horford
68.8%
Brooklyn/New Jersey NetsDerrick Favors
68.8%
Phoenix SunsMarkieff Morris
68.8%
Houston RocketsMarcus Morris
68.8%
Memphis/Vancouver GrizzliesMike Conley, Jr.
68.2%
Minnesota TimberwolvesBrandon Roy
68.2%
Team Player % Correct
Minnesota TimberwolvesRicky Rubio
68.2%
Orlando MagicVictor Oladipo
68.2%
Los Angeles Lakers Andrew Bynum
67.6%
Golden State WarriorsHarrison Barnes
67.1%
Detroit PistonsDarko Milicic
67.1%
Charlotte/New Orleans Hornets/PelicansNerlens Noel
65.9%
Sacramento KingsThomas Robinson
65.3%
Washington Wizards/BulletsOtto Porter, Jr.
65.3%
New York KnicksJordan Hill
64.7%
Milwaukee BucksStephon Marbury
64.2%
Philadelphia 76ersAndre Iguodala
64.2%
Charlotte Bobcats/HornetsMichael Kidd-Gilchrist
63.6%
Philadelphia 76ersElfrid Payton
63.6%
Sacramento KingsTyreke Evans
63.6%
Washington Wizards/BulletsDevin Harris
63.6%
Los Angeles Lakers Julius Randle
63.6%
Utah JazzGordon Hayward
63%
Miami HeatCaron Butler
63%
Golden State WarriorsJason Richardson
62.4%
Memphis/Vancouver GrizzliesMike Bibby
62.4%
Charlotte Bobcats/HornetsSean May
62.4%
Brooklyn/New Jersey NetsBrook Lopez
62.4%
Minnesota TimberwolvesO.J. Mayo
61.8%
Detroit PistonsAndre Drummond
61.8%
Philadelphia 76ersJoel Embiid
61.3%
Houston RocketsRudy Gay
61.3%
Milwaukee BucksBrandon Jennings
60.7%
Boston CelticsMarcus Smart
60.7%
Memphis/Vancouver GrizzliesShareef Abdur-Rahim
60.1%
Charlotte Bobcats/HornetsRaymond Felton
60.1%
Phoenix SunsShawn Marion
60.1%
Cleveland CavaliersDion Waiters
59.5%
Toronto RaptorsDamon Stoudamire
59%
Detroit PistonsGreg Monroe
59%
Minnesota TimberwolvesTrey Burke
58.4%
Philadelphia 76ersEvan Turner
57.8%
Washington Wizards/BulletsRichard Hamilton
57.8%
Charlotte Bobcats/HornetsCody Zeller
57.2%
Philadelphia 76ersJerry Stackhouse
57.2%
Chicago BullsKirk Hinrich
57.2%
Atlanta HawksAcie Law
57.2%
Philadelphia 76ersMichael Carter-Williams
56.6%
Phoenix SunsLuol Deng
56.6%
Utah JazzEnes Kanter
56.6%
Los Angeles ClippersMichael Olowokandi
56.1%
Charlotte Bobcats/HornetsAdam Morrison
56.1%
Toronto RaptorsTerrence Ross
55.5%
Memphis/Vancouver GrizzliesHasheem Thabeet
55.5%
Toronto RaptorsJonas Valanciunas
54.9%
Phoenix SunsAlex Len
54.3%
Minnesota TimberwolvesJonny Flynn
53.8%
Memphis/Vancouver GrizzliesStromile Swift
53.2%
Philadelphia 76ersThaddeus Young
53.2%
Seattle SuperSonics/Oklahoma City ThunderNick Collison
53.2%
Seattle SuperSonics/Oklahoma City ThunderRobert Swift
53.2%
Utah JazzDante Exum
53.2%
Golden State WarriorsMike Dunleavy, Jr.
52.6%
Golden State WarriorsAnthony Randolph
52%
Los Angeles ClippersLamar Odom
51.4%
Cleveland CavaliersDerek Anderson
50.9%
Los Angeles ClippersAntonio McDyess
50.3%
Portland Trail BlazersMeyers Leonard
50.3%
Toronto RaptorsMarcus Camby
49.7%
Los Angeles ClippersDarius Miles
49.1%
Sacramento KingsBen McLemore
49.1%
Seattle SuperSonics/Oklahoma City ThunderSteven Adams
49.1%
Cleveland CavaliersJamal Crawford
48.6%
Memphis/Vancouver GrizzliesBryant Reeves
48.6%
New York KnicksNene
48.6%
Orlando MagicJ.J. Redick
48%
Los Angeles ClippersLorenzen Wright
46.8%
Charlotte Bobcats/HornetsBrandan Wright
46.8%
Sacramento KingsNik Stauskas
46.8%
Charlotte/New Orleans Hornets/PelicansJulian Wright
46.8%
Los Angeles ClippersShaun Livingston
46.2%
Portland Trail BlazersC.J. McCollum
46.2%
Detroit PistonsKentavious Caldwell-Pope
46.2%
Dallas MavericksRobert Traylor
46.2%
Los Angeles ClippersChris Kaman
45.7%
Detroit PistonsRodney White
45.7%
Milwaukee BucksJimmer Fredette
45.1%
New York KnicksDanilo Gallinari
45.1%
Minnesota TimberwolvesCorey Brewer
44.5%
Brooklyn/New Jersey NetsKerry Kittles
44.5%
Utah JazzRonnie Brewer
44.5%
Detroit PistonsBrandon Knight
43.4%
Denver NuggetsDoug McDermott
42.8%
Memphis/Vancouver GrizzliesDrew Gooden
42.2%
Minnesota TimberwolvesZach LaVine
42.2%
Charlotte/New Orleans Hornets/PelicansAustin Rivers
41.6%
Atlanta HawksJason Terry
41.6%
Team Player % Correct
Seattle SuperSonics/Oklahoma City ThunderCorey Maggette
41%
Utah JazzAlec Burks
41%
Boston CelticsRandy Foye
39.3%
Charlotte Bobcats/HornetsNoah Vonleh
38.7%
Memphis/Vancouver GrizzliesShane Battier
38.2%
Denver NuggetsTony Battie
38.2%
Indiana PacersTyler Hansbrough
37.6%
Charlotte Bobcats/HornetsGerald Henderson, Jr.
37%
Washington Wizards/BulletsJan Vesely
37%
Toronto RaptorsJonathan Bender
36.4%
Milwaukee BucksT.J. Ford
36.4%
Boston CelticsRon Mercer
36.4%
Chicago BullsMarcus Fizer
36.4%
Dallas MavericksKelly Olynyk
36.4%
New York KnicksMichael Sweetney
35.8%
Cleveland CavaliersDajuan Wagner
35.3%
Sacramento KingsBismack Biyombo
34.7%
Golden State WarriorsEkpe Udoh
34.1%
Orlando MagicDario Saric
34.1%
Philadelphia 76ersLarry Hughes
34.1%
Denver NuggetsNikoloz Tskitishvili
34.1%
Milwaukee BucksJoe Alexander
32.9%
Orlando MagicCourtney Alexander
32.9%
Utah JazzShabazz Muhammad
32.9%
New York KnicksChanning Frye
32.4%
Los Angeles ClippersAl-Farouq Aminu
31.8%
Minnesota TimberwolvesWally Szczerbiak
31.8%
Washington Wizards/BulletsJarvis Hayes
31.8%
Toronto RaptorsRafael Araujo
30.1%
Minnesota TimberwolvesRashad McCants
30.1%
Philadelphia 76ersKeith Van Horn
30.1%
Portland Trail BlazersMartell Webster
30.1%
Houston RocketsJeremy Lamb
30.1%
Denver NuggetsRaef LaFrentz
28.9%
Toronto RaptorsCharlie Villanueva
27.2%
Milwaukee BucksJohn Henson
27.2%
Memphis/Vancouver GrizzliesAntonio Daniels
26.6%
Seattle SuperSonics/Oklahoma City ThunderMouhamed Sene
26.6%
Houston RocketsPatrick Patterson
26%
Orlando MagicKeon Clark
25.4%
Phoenix SunsEarl Clark
25.4%
Golden State WarriorsAndris Biedrins
24.9%
Golden State WarriorsAdonal Foyle
24.3%
Charlotte Bobcats/HornetsD.J. Augustin
24.3%
Golden State WarriorsIke Diogu
23.7%
Sacramento KingsSpencer Hawes
23.1%
Atlanta HawksJosh Childress
22%
Golden State WarriorsTodd Fuller
21.4%
Indiana PacersErick Dampier
21.4%
Cleveland CavaliersDeSagana Diop
20.8%
Chicago BullsChris Mihm
20.8%
Los Angeles ClippersAl Thornton
20.2%
Memphis/Vancouver GrizzliesMarcus Banks
20.2%
Milwaukee BucksYi Jianlian
20.2%
Portland Trail BlazersSebastian Telfair
19.7%
Orlando MagicFran Vazquez
19.1%
Sacramento KingsCorliss Williamson
19.1%
Golden State WarriorsPatrick O'Bryant
18.5%
Memphis/Vancouver GrizzliesXavier Henry
18.5%
Philadelphia 76ersThabo Sefolosha
18.5%
Boston CelticsJerome Moiso
18.5%
Charlotte/New Orleans Hornets/PelicansHilton Armstrong
17.9%
Phoenix SunsKendall Marshall
17.9%
Golden State WarriorsMickael Pietrus
17.3%
Portland Trail BlazersBrandon Rush
17.3%
Los Angeles ClippersChris Wilcox
16.2%
Charlotte/New Orleans Hornets/PelicansCole Aldrich
16.2%
Brooklyn/New Jersey NetsEd O'Bannon
16.2%
Phoenix SunsT.J. Warren
16.2%
Detroit PistonsBonzi Wells
16.2%
Indiana PacersJerryd Bayless
16.2%
Cleveland CavaliersVitaly Potapenko
15%
Orlando MagicKeyon Dooling
14.5%
Washington Wizards/BulletsJared Jeffries
14.5%
Seattle SuperSonics/Oklahoma City ThunderVladimir Radmanovic
14.5%
Utah JazzKris Humphries
14.5%
Cleveland CavaliersTrajan Langdon
13.9%
Indiana PacersAustin Croshere
13.3%
Milwaukee BucksMarcus Haislip
11.6%
Houston RocketsJoel Przybilla
11%
Los Angeles ClippersYaroslav Korolev
10.4%
Milwaukee BucksDanny Fortson
10.4%
Toronto RaptorsAleksandar Radojevic
9.2%
Orlando MagicMichael Doleac
9.2%
Los Angeles ClippersMelvin Ely
8.7%
Portland Trail BlazersShawn Respert
8.1%
Milwaukee BucksGary Trent
5.8%
Sacramento KingsTariq Abdul-Wahad
4.6%
Dallas MavericksCherokee Parks
4.6%

You're not logged in!

Compare scores with friends on all Sporcle quizzes.
Sign Up with Email
OR
Log In

You Might Also Like...

Show Comments

Extras

Top Quizzes Today


Score Distribution

Your Account Isn't Verified!

In order to create a playlist on Sporcle, you need to verify the email address you used during registration. Go to your Sporcle Settings to finish the process.